000 00699nam a22002297a 4500
999 _c747
_d747
001 747
003 BD-JhCC
005 20171010194516.0
008 171009s2012 bg |||| |||| 000 0 ben d
020 _a9789848942475
035 _a(BD-JhCC)747
040 _aBD-JhCC
_dBD-JhCC
041 _aben
082 _a910.8
_bKHA 2012
100 _aখাতুন, রাবেয়া
245 _aভ্রমণসমগ্র ৩ /
_cরাবেয়া খাতুন
260 _aঢাকা :
_bসময়,
_c২০১২.
300 _a৪৩৯ পৃ. :
_c২২ সেমি.
650 _aCollection of Travel
_xBengali Literature
942 _2ddc
_cBK